00601nam a2200169 a 4500008004100000050001500041100002100056245001800077260004700095300000900142350000900151650001900160650001100179995009300190999001700283952013100300120416s1963 ||||||||||||||||| || u aQK 882 Bai aBailey, Legget J10aPhotosythesis aLondonbThe Royal Inst. Of Chemistryc1963 a30p. a0.00 aPHOTOSYNTHESIS aPLANTS D0.00FCBU-MAIN LIBRARY (Kitwe)H1I0.35M1UDAMAGEDZMain Library Open Access Collection c53530d53530 00102lcc4070a001b001cMain Library Open Access Collectiond2022-11-30l0oQK 882 Baip019060r2022-11-30w2022-11-30y002